Statistics for 駅名クイズ - 伊予鉄道 ver.

Click here to take the quiz!

General Stats

  • This quiz has been taken 3 times
  • The average score is 75 of 121

Answer Stats

NumberAnswer% Correct
IY01高浜
100%
IY23愛大医学部南口
100%
27本町四丁目
100%
26本町三丁目
100%
25本町一丁目
100%
24道後温泉
100%
20県庁前
100%
19大街道
100%
09 | 29本町六丁目
100%
01松山市駅
100%
IY34郡中
100%
IY24横河原
100%
28本町五丁目
100%
IY11石手川公園
100%
IY04三津
100%
07 | IY08古町
100%
04 | IY09大手町
100%
IY12いよ立花
100%
IY10松山市
100%
05JR松山駅前
100%
IY14北久米
67%
IY27余戸
67%
16上一万
67%
IY02梅津寺
67%
IY15久米
67%
23道後公園
67%
21市役所前
67%
IY13福音寺
67%
IY05山西
67%
IY20牛渕
67%
IY19牛渕団地前
67%
IY17平井
67%
13鉄砲町
67%
IY35郡中港
67%
14赤十字病院前
33%
IY07衣山
33%
15平和通一丁目
33%
17警察署前
33%
IY06西衣山
33%
IY03港山
33%
11高砂町
33%
03西堀端
33%
10木屋町
33%
06宮田町
33%
02南堀端
33%
IY18梅本
33%
IY21田窪
33%
IY22見奈良
33%
IY26土居田
0%
IY16鷹ノ子
0%
IY25土橋
0%
22南町
0%
IY29岡田
0%
IY28鎌田
0%
08萱町六丁目
0%
18勝山町
0%
IY30古泉
0%
IY32地蔵町
0%
IY33新川
0%
12清水町
0%
IY31松前
0%

Score Distribution

Percentile by Number Answered

Percent of People with Each Score

Your Score History

You have not taken this quiz